000 00581nam a2200181 i 4500
001 29571
003 ES-MaACL
005 20230906154044.0
007 t|
008 030122s1971 sp ||||1| spa d
100 1 _aBarnard, Christian.
_925704
245 1 0 _aMi vida /
_cuna biografía escrita por Christian Barnard y Curtis Bill Pepper ; [traducción de J. Ferrer Aleu].
260 _a[Barcelona] :
_bPlaza & Janés,
_c[1971]
300 _a635 p. ;
_c18 cm.
700 1 _aFerrer Aleu, J.
_950442
700 1 _aPepper, Curtis Bill.
_990335
852 _aES-MaACL
_jC-46622
_bR.80221
999 _c29571
_d29571